Statistiques concernant 100 meilleurs joueurs Fortnite EU All Time

Cliquez ici pour prendre le quiz!

Statistiques générales

  • Ce quiz a été pris 35 fois
  • Le résultat moyen est 15 sur 100

Statistiques - réponses

Classementjoueurpays% Correct
41MongraalRoyaume Uni
76%
3MrSavageNorvége
64%
72SkiteFrance
64%
6AndilexFrance
60%
20MalibucaRussie
56%
37PodasaiFrance
56%
51NayteFrance
52%
2TaysonSlovénie
52%
13ClementFrance
48%
23SnayzyFrance
48%
1ThomasHDDanemark
48%
24FlokiFrance
44%
7QueasySerbie
40%
86NikofFrance
36%
14VadealAllemagne
32%
36VenoRoyaume Uni
32%
19DecyptosFrance
28%
49MitroPays Bas
28%
11SettyPologne
28%
10XsweezeFrance
28%
344zrSuisse
24%
5JannisZAllemagne
24%
4KamiPologne
24%
18NoahreyliSuisse
24%
26PinqRoyaume Uni
24%
54DKSFrance
20%
12HenRoyaume Uni
20%
100KyzenFrance
20%
35MerstatchLettonie
20%
33TrulexSerbie
20%
63VicoAutriche
20%
31AquaAutriche
16%
8ChapixSuède
16%
9Rezon ayAllemagne
16%
27StompyAutriche
16%
40EndrettaNorvége
12%
66RobabzFrance
12%
58StormyriteUkraine
12%
55WolfiezRoyaume Uni
12%
17AnasDanemark
8%
99BlastRFrance
8%
94FalconlyFrance
8%
25FastrokiAllemagne
8%
76KeziixFrance
8%
92KiroPays Bas
8%
38PablowinguDanemark
8%
29PutrickRussie
8%
73ShaykozFrance
8%
32TooseRussie
8%
21TrippernnDanemark
8%
47ArtorPologne
4%
30BadSnipRFrance
4%
78ChicoBosnie-Herzégovine
4%
57CrrRoyaume Uni
4%
85EMXXRRFrance
4%
74FlickzyAllemagne
4%
56HijoeAllemagne
4%
80HutyRépublique-Tchéque
4%
15IDropNorvége
4%
87JurEkyCroatie
4%
89KarmyEstonie
4%
97KikooPortugal
4%
42KiryacheRussie
4%
81KubxPologne
4%
44KylieAllemagne
4%
75LinkRussie
4%
70MatsoePays Bas
4%
22MerijnPays Bas
4%
53NebsRoyaume Uni
4%
59RaiflaFinlande
4%
16RefsgaardDanemark
4%
83RobbabKebabSuède
4%
28SkramDanemark
4%
71UmplifyPays Bas
4%
39VortexAllemagne
4%
61AdnRoyaume Uni
0%
60AstroSMZRoyaume Uni
0%
91BelusiItalie
0%
69BevvysSuède
0%
84CohleRoyaume Uni
0%
95DyoxPays Bas
0%
62FireHunterBielorussie
0%
67FlikkDanemark
0%
65FlowiSDanemark
0%
68FrayAllemagne
0%
46FuryRussie
0%
64HardfindHDRoyaume Uni
0%
43HellfireDanemark
0%
48IrezumiRussie
0%
98KarmaAllemagne
0%
93KefyyPologne
0%
52LushaRussie
0%
45MappiSuède
0%
82NefriziRussie
0%
50PackoPologne
0%
88SaevidIrlande
0%
96SiberiajkeеRussie
0%
79SlovaySuisse
0%
77SwagDanemark
0%
90VortexersRoyaume Uni
0%

Distribution des résultats

Percentile par nombre de réponses

% des personnes avec chaque résultat

Votre développement - résultats

Vous n’avez pas pris ce quiz